Krill : biology, ecology and fisheries

Gespeichert in:
Bibliographische Detailangaben
1. Verfasser: Everson, Inigo
Format: Buch
Sprache:Undetermined
Veröffentlicht: Oxford, UK Blackwell Science 2000
Schlagworte:
Tags: Tag hinzufügen
Keine Tags, Fügen Sie den ersten Tag hinzu!
Thư viện lưu trữ: Trung tâm Học liệu Trường Đại học Cần Thơ
LEADER 00554nam a2200217Ia 4500
001 CTU_69199
008 210402s9999 xx 000 0 und d
020 |b 151 
082 |a 333.95 
082 |b E93 
100 |a Everson, Inigo 
245 0 |a Krill : 
245 0 |b biology, ecology and fisheries 
245 0 |c Inigo Everson 
260 |a Oxford, UK 
260 |b Blackwell Science 
260 |c 2000 
650 |a Krill fisheries 
650 |x Congresses 
904 |i Trúc Phương 
980 |a Trung tâm Học liệu Trường Đại học Cần Thơ